| 000 | 00657nam a2200205 i 4500 | ||
|---|---|---|---|
| 001 | 12993 | ||
| 003 | ES-MaACL | ||
| 005 | 20230906150449.0 | ||
| 007 | t| | ||
| 008 | 961028s1996 sp ||||0| spa j | ||
| 020 | _a84-87169-92-9 | ||
| 040 |
_aM-BN _bspa _cM-BN |
||
| 080 | _a17"19" | ||
| 100 | 1 |
_aLópez Herrerías, José Angel. _973697 |
|
| 245 | 1 | 0 |
_aPor una cultura ética _b: (con + de lo =, no vamos a ninguna parte) / _cJosé Angel López Herrerías. |
| 260 |
_aMóstoles, Madrid : _bNossa y J, _c[1996] |
||
| 300 |
_a229 p. ; _c20 cm. |
||
| 650 | 1 | 4 |
_aEtica- _yS.XX. _912583 |
| 852 |
_aES-MaACL _jL-20330 _bR.125641 _q. - Ded. autógr. del autor |
||
| 999 |
_c12993 _d12993 |
||